000 00809nam a2200277 i 4500
001 69085
003 ES-MaACL
005 20250727015754.0
007 t|
008 040909s2001 sp ||||1| spa d
020 _a84-95503-30-1
080 _a929 Isabel (460) II
080 _a94(460)"1843/68"
100 1 _aRueda Hernanz, Germán.
_9100524
245 1 0 _aIsabel II /
_cGermán Rueda.
250 _a1ª ed.
260 _aMadrid :
_bArlanza,
_c2001.
300 _a375 p. ;
_c23 cm.
490 1 _aLos Borbones ;
_v7
504 _aBibliografía: p. 347-359.
600 0 4 _aIsabel
_bII,
_cReina de España
_965524
651 4 _aEspaña-
_xHistoria-
_z1843-1868, Isabel II
_98256
830 0 _aLos Borbones ;
_v7
_9183244
852 _aES-MaACL
_jL-28078
_bR.134050
999 _c69085
_d69085